000 nam a22 a 4500
999 _c409
_d409
003 AKMAL
005 20170503155656.0
008 170503s1991 my i 001 may d
020 _a9679915107 (kkt.) :
_cRM 10.00
040 _aAKMAL
082 0 4 _a079.595 AHM
_222
090 0 0 _a079.595
_bAHM
100 _aAhmad Sebi,
_cDato',
_d1947-
_9944
245 1 _aMedia, tinta dan kuasa /
_cAhmad Sebi
260 0 0 _aKuala Lumpur :
_bMedia Indah,
_c1991
300 0 0 _a222ms. ;
_c22cm.
610 0 _aASAS 50
_9946
650 _aJournalism
_xAuthorship
_9948
650 _aMalay literature
_xHistory and criticism
_y20th century
_9950
650 _aMalay newspapers
_zMalaysia
_9951
942 _2ddc
_cBOOK
950 _lAKMAL